| 000 | 01245nam a22002777a 4500 | ||
|---|---|---|---|
| 003 | 0 | ||
| 005 | 20251111101134.0 | ||
| 008 | 251111b xxu||||| |||| 00| 0 eng d | ||
| 020 | _a978-0-241-53369-7 | ||
| 050 |
_aPE 1128 _b.T394 2022 |
||
| 100 |
_aTaylor, Mary, _eadapter, |
||
| 245 |
_aThomas and the dragon / _ctext adapted by Mary Taylor ; song lyrics by Naomi Rainbow. |
||
| 246 | _aLadybird readers. Beginner | ||
| 260 |
_aLondon : _bLadybird Books, Penguin Random House UK, _c2022. |
||
| 300 |
_a24 pages : _bcolor illustrations ; _c19 cm. |
||
| 490 |
_aLadybird readers ; _vBeginner |
||
| 500 | _aBased on the Thomas & Friends episode "Thomas and the Dragon". Series editor: Sorrel Pitts. Includes song lyrics. Contains picture glossary and reading activities. | ||
| 520 | _aA simplified story about Thomas and his adventure with a dragon, written for early English language learners. Includes activities, vocabulary support, and a song. | ||
| 650 | _aReaders (Primary). | ||
| 650 |
_aEnglish language _xStudy and teaching _vReaders. |
||
| 650 |
_aDragons _vJuvenile literature. |
||
| 700 |
_aTaylor, Mary, _eadapter. |
||
| 700 |
_aRainbow, Naomi, _elyricist. |
||
| 830 |
_aLadybird readers ; _sBeginner. |
||
| 942 |
_2lcc _cBK |
||
| 999 |
_c368556 _d368556 |
||